000 00681nam a2200205 a 4500
003 OSt
005 20131001154543.0
008 131001s1994 ag ||||| |||| 00| 0 spa d
040 _cBiblioteca Medicina
041 _aspa
082 _bVARIOS 0345
110 _aFundacion Instituto Latinoamericano de Politicas Sociales
_92631
245 0 0 _aFundacion de Hospital Publico
250 _a1ยบ ed.
260 _aBuenos Aires
_bInstituto Latinoamericano de Politicas Sociales
_c1994
300 _a32 p.
653 _aHOSPITAL PUBLICO-ENCUESTAS DE SATISFACCION
942 _2ddc
_cPH
999 _c1707
_d1707
952 _40
_00
_bBFM
_10
_oVARIOS 0345
_d2013-10-01
_tEj. 1
_8NFIC
_70
_cCR
_2ddc
_yPH
_aBFM